| 000 | 00443nam a2200169Ia 4500 | ||
|---|---|---|---|
| 008 | 230917s9999||||xx |||||||||||||| ||und|| | ||
| 020 | _cRS795 | ||
| 040 |
_e229162 _aMAIN |
||
| 041 | _aEnglish | ||
| 082 | _a647.94 C349H | ||
| 100 | _aChakravarti, B K | ||
| 245 | 0 | _aHotel accommodation | |
| 260 |
_aNew Delhi _bA P H Publishing _c2011 |
||
| 300 | _aviii, 247 p. | ||
| 500 | _a2167 09/11/2015 PBA15/467 10/11/2015 IHTM (SFS) | ||
| 942 | _cBK | ||
| 999 |
_c16520 _d16520 |
||